| 000 | 00818nam a2200193Ia 4500 | ||
|---|---|---|---|
| 999 |
_c54411 _d54411 |
||
| 003 | GCL | ||
| 005 | 20240530105247.0 | ||
| 008 | 140319s9999 xx 000 0 ara d | ||
| 040 |
_aGCL / _cGCL |
||
| 082 | 0 | 4 |
_a210 _bت إ |
| 100 | 1 | _aابن تيمية : تقى الدين ابوالعباس احمد بن عبدالحليم بن عبدالسلام بن عبدالله الحرانى | |
| 245 | 1 | 2 |
_aالاستقامة / _cابن تيمية : تقى الدين ابوالعباس احمد بن عبدالحليم |
| 260 |
_aالقاهرة : _bلجنة الاعلام والدراسات المستقبلية ، _c1989 |
||
| 300 |
_aاجزاء ؛ _c24 سم |
||
| 650 | 0 | 4 | _aالقران - سور وايات |
| 650 | 0 | 4 | _aالقران - صلته بالسنه |
| 650 | 0 | 4 | _aالقران - علوم |
| 942 |
_2ddc _cBK |
||